000 00411nam a2200181Ia 4500
005 20250603145853.0
008 250603s9999 xx 000 0 und d
020 _a9788184870374
050 _aQK 603 .S86/
100 _aSumbali, Geeta
245 4 _aThe fungi
250 _a2nd ed.
260 _aNew Delhi
260 _bNarosa Publishing Housing
260 _c2010
650 _aNew Delhi
942 _cBK
999 _c43101
_d43101